000 00982nam a22002535a 4500
003 OSt
005 20170507113118.0
008 170507s2010 ua frb 000 0 ara d
015 _a2010 / 2882
020 _a9765191958
040 _aEG-ScBUE
_bara
_cEG-ScBUE
082 0 4 _a340.59
_bش ا ف
_222
100 1 _aعودة، عبد القادر.
245 1 2 _aالتشريع الجنائي الإسلامي :
_bمقارنا بالقانون الوضعي /
_cتأليف عبد القادر عودة.
250 _aط. 1.
260 _a[القاهرة] :
_bدار آفاق العلم للنشر والتوزيع ؛
_aالإسكندرية :
_bنقابة المحامين،
_c2010.
300 _a2 مج. ؛
_c24 سم.
504 _aيشتمل على إرجاعات ببليوجرافية.
650 7 _aالجنايات (فقه إسلامي)
_2BUEsh
650 7 _aالقانون الجنائي المقارن.
_2BUEsh
651 _2BUEsh
653 _bLLAAWW
_cMay2017
942 _2ddc
999 _c24784
_d24756